[Event "Bordeaux-ch 48th"]
[Site "Bordeaux"]
[Date "2015.05.14"]
[Round "1"]
[White "Fantinel, Thibault"]
[Black "Larand, Jean Christophe"]
[Result "1-0"]
[WhiteElo "2378"]
[BlackElo "1549"]
[PlyCount "53"]
[EventDate "2015.05.14"]
[EventType "swiss"]
[EventRounds "7"]
[EventCountry "FRA"]
[SourceTitle "CBM 166 Extra"]
[Source "ChessBase"]
[SourceDate "2015.06.18"]
[SourceVersion "1"]
[SourceVersionDate "2015.06.18"]
[SourceQuality "1"]

1. Nf3 d5 2. g3 g6 3. c4 Bg7 4. cxd5 Qxd5 5. Nc3 Qd8 6. Bg2 Nf6 7. 0-0 0-0 8. d4 Nbd7 9. e4 Nb6 10. Qe2 c6 11. Rd1 Be6 12. Bf4 Nh5 13. Be3 Nf6 14. Rac1 Ng4 15. Bf4 f6 16. d5 cxd5 17. Nxd5 Nxd5 18. exd5 Bf7 19. Nd4 Ne5 20. Be3 a6 21. f4 Nd7 22. Ne6 Qa5 23. Nxf8 Bxf8 24. b3 Nb6 25. Qf2 Nxd5 26. Bxd5 Bxd5 27. Rc5 1-0